00913nam a2200205Ia 4500008004100000020001800041050002400059100003500083240003100118245006100149250000800210260002300218300001100241500001900252505017300271650004400444952010100488952010100589999001700690121028s9999 xx 000 0 und d a970-647-668-7 aHF5630.3 S38 2006 aSastrías Freudenberg, Marcos aContabilidad; tercer curso aContabilidad; tercer curso / Marcos Sastrias Freudenberg a26a aMéxico : Esfinge a162 p. aIncluye indice a Cap 1. Cuentas en moneda extranjera Cap 2. Conciliacion de cuentas Cap 3. Agencias sucursales y compañias afiliadas Cap 4. Ventas en abonos Cap 5. Ventas por sorteos aContabilidad - Estudio y enseñanzaÌ 00104070a14b14d2010-05-12l0oHF5630.3 S38 2006p14 000045r2012-10-28t2w2012-10-28yLB 00104070a14b14d2010-05-12l0oHF5630.3 S38 2006p14 000082r2012-10-28t1w2012-10-28yLB c85379d85379